| Tag |
First Indicator |
Second Indicator |
Subfields |
| LEADER |
00000cam a2200000 a 4500 |
| 001 |
in00000938721 |
| 005 |
20150926131919.0 |
| 007 |
hd afb017baca |
| 007 |
hd bfb017baaa |
| 008 |
870420s1660 miu a 00000 eng d |
| 035 |
|
|
|a (OCoLC)15553695
|
| 035 |
|
|
|9 AET8188AM
|
| 037 |
|
|
|a CL0037000057
|b University Microfilms International
|
| 037 |
|
|
|b University Microfilms International, 300 N. Zeeb Rd., Ann Arbor, Mich. 48106.
|
| 040 |
|
|
|a EAE
|c EAE
|d m/c
|d UMI
|d UtOrBLW
|
| 043 |
|
|
|a e-uk-en
|
| 045 |
2 |
|
|b d1660
|b d1685
|
| 049 |
|
|
|a TXAI
|
| 090 |
|
|
|a BX7732
|b .A84
|
| 099 |
|
|
|a film
|a B
|a 3609
|
| 100 |
1 |
|
|a Atkin, Thomas.
|
| 245 |
1 |
0 |
|a Some reasons why the people called Quakers ought to enjoy their meetings peaceably :
|b published for the information of those who are not acquainted with their way, and to prevent mistakes concerning them.
|
| 264 |
|
3 |
|a London :
|b Printed for Robert Wilson ...,
|c 1660.
|
| 300 |
|
|
|a 1 broadside.
|
| 336 |
|
|
|a text
|b txt
|2 rdacontent
|
| 337 |
|
|
|a microform
|b h
|2 rdamedia
|
| 338 |
|
|
|a microfilm reel
|b hd
|2 rdacarrier
|
| 500 |
|
|
|a Signed at end: Thomas Atkin.
|
| 500 |
|
|
|a Reproduction of the original in the Huntington Library.
|
| 510 |
4 |
|
|a Wing
|c A4124
|
| 533 |
|
|
|a Microfilm.
|b Ann Arbor, Mich. :
|c University Microfilms International,
|d 1984.
|e 1 microfilm reel ; 35 mm.
|f (Early English books, 1641-1700 : 1582:24)
|
| 500 |
|
|
|a Microform.
|
| 650 |
2 |
0 |
|a Society of Friends
|z England
|x Apologetic works.
|
| 650 |
|
0 |
|a Liberty of conscience
|z England.
|
| 650 |
|
0 |
|a Freedom of religion
|z England.
|
| 651 |
|
0 |
|a Great Britain
|x History
|y Charles II, 1660-1685.
|
| 830 |
|
0 |
|a Early English books, 1641-1700 ;
|v 1582:24.
|
| 999 |
|
|
|a MARS
|
| 999 |
f |
f |
|s e2ad7cd9-281a-382f-be30-308c7f739cde
|i cea08b3c-4b55-39ba-884b-d03e0398ca97
|t 0
|
| 952 |
f |
f |
|p default
|a Texas A&M University
|b College Station
|c Sterling C. Evans Library
|d Evans: Microforms (3rd floor)
|t 0
|e film B 3609 1582:24
|h Other scheme
|i microform -- microfilm reel
|
| 998 |
f |
f |
|a film B 3609 1582:24
|t 0
|l Evans: Microforms (3rd floor)
|